[Event "Paris-ch op-B"]
[Site "Paris"]
[Date "2002.07.09"]
[Round "4.57"]
[White "Kosoian, Bela"]
[Black "Stojanovic, Aleksandar"]
[Result "1-0"]
[WhiteElo "1960"]
[BlackElo "1800"]
[PlyCount "23"]
[EventDate "2002.07.06"]
[EventType "swiss"]
[EventRounds "7"]
[EventCountry "FRA"]
[SourceTitle "EXT 2003"]
[Source "ChessBase"]
[SourceDate "2002.11.25"]
[SourceVersion "1"]
[SourceVersionDate "2002.11.25"]
[SourceQuality "1"]

1. c4 e6 2. g3 Nf6 3. Bg2 c6 4. e4 e5 5. Nc3 Be7 6. Nge2 Na6 7. 0-0 Nc7 8. f4 exf4 9. Nxf4 Ne6 10. e5 Nxf4 11. exf6 Nxg2 12. fxe7 1-0

[Event "YUG-ch op"]
[Site "Nis"]
[Date "1996.??.??"]
[Round "1"]
[White "Kostic, Nebojsa"]
[Black "Stojanovic, Aleksandar"]
[Result "1-0"]
[WhiteElo "2325"]
[BlackElo "2030"]
[PlyCount "63"]
[EventDate "1996.??.??"]
[EventType "swiss"]
[EventRounds "10"]
[EventCountry "YUG"]
[SourceTitle "EXT 1999"]
[Source "ChessBase"]
[SourceDate "1998.11.16"]
[SourceVersion "1"]
[SourceVersionDate "1998.11.16"]
[SourceQuality "1"]

1. c4 c5 2. Nf3 Nc6 3. d4 cxd4 4. Nxd4 Nxd4 5. Qxd4 Nf6 6. Nc3 e6 7. Bf4 a6 8. e4 Nh5 9. Bd6 Bxd6 10. Qxd6 Qe7 11. Qd2 0-0 12. e5 g6 13. Be2 Ng7 14. Ne4 Ne8 15. h4 f5 16. exf6 Nxf6 17. Nd6 Ne8 18. Nxe8 Rxe8 19. h5 e5 20. hxg6 hxg6 21. 0-0-0 Qf6 22. Kb1 Qf4 23. Qd5+ Kg7 24. g3 Qf5+ 25. Ka1 e4 26. Qd4+ Qe5 27. Qe3 Re6 28. Bg4 Rd6 29. Qh6+ Kg8 30. Rxd6 Qxd6 31. Qh8+ Kf7 32. Rh7# 1-0